000 00735nam a2200217Ia 4500
001 11297
003 GE_BSU
008 181216s||||||||xx |||||||||||||| ||und||
040 _cGE_BSU
080 _a634.8(479.22)
100 _aქანთარია ვ.ი. რამიშვილი მ.ა.
245 _aმევენახეობის სახელმძღანელო
245 _cპგ. რედ: ვ. ქანთარია
260 _aთბილისი
260 _bტექნიკა და შრომა
260 _c1948
300 _a542გვ.23სმ.
300 _eილ.
653 _aმევენახეობის სახელმძღანელო
942 _cBK
999 _c44499
_d44499